[Event "Karl Mala Memorial op-A 17th"]
[Site "Frankfurt"]
[Date "2014.08.03"]
[Round "6"]
[White "Henrich, Thomas"]
[Black "Moeller, Jeremy"]
[Result "1-0"]
[WhiteElo "2254"]
[BlackElo "2092"]
[PlyCount "51"]
[EventDate "2014.07.31"]
[EventType "swiss"]
[EventRounds "7"]
[EventCountry "GER"]
[SourceTitle "EXT 2015"]
[Source "ChessBase"]
[SourceDate "2014.11.20"]
[SourceVersion "1"]
[SourceVersionDate "2014.11.20"]
[SourceQuality "1"]

1. d4 e6 2. e4 d5 3. Nd2 a6 4. Ngf3 Nf6 5. e5 Nfd7 6. Bd3 c5 7. c3 Nc6 8. 0-0 Be7 9. Re1 g5 10. dxc5 g4 11. Nd4 Ncxe5 12. Bc2 Bxc5 13. Nf1 Qf6 14. Be3 Be7 15. Nd2 Qg7 16. Qe2 Nc6 17. Ba4 Nd8 18. Nf5 Qf6 19. Nxe7 Qxe7 20. Qxg4 b5 21. Bb3 Nf6 22. Qh4 Rg8 23. Bg5 Rg6 24. Bxd5 Rxg5 25. Bxa8 Nh5 26. Nf3 1-0

[Event "Bad Godesberg op 17th"]
[Site "Bad Godesberg"]
[Date "2013.08.08"]
[Round "6"]
[White "Moeller, Jeremy"]
[Black "Rotstein, Jefim"]
[Result "0-1"]
[WhiteElo "1983"]
[BlackElo "2340"]
[PlyCount "53"]
[EventDate "2013.08.03"]
[EventType "swiss"]
[EventRounds "9"]
[EventCountry "GER"]
[SourceTitle "CBM 155 Extra"]
[Source "ChessBase"]
[SourceDate "2013.08.26"]
[SourceVersion "1"]
[SourceVersionDate "2013.08.26"]
[SourceQuality "1"]

1. e4 d6 2. Nf3 g6 3. d4 Bg7 4. c4 e5 5. Nc3 Nd7 6. Be2 Ngf6 7. 0-0 0-0 8. d5 Nc5 9. Qc2 a5 10. Be3 Ng4 11. Bxc5 dxc5 12. h3 Nh6 13. Qd2 f6 14. a3 Nf7 15. b4 axb4 16. axb4 Rxa1 17. Rxa1 c6 18. Nb5 cxb4 19. dxc6 bxc6 20. Qxd8 Rxd8 21. Na7 Bb7 22. c5 Bf8 23. Ba6 Bxa6 24. Nxc6 Ra8 25. Nxb4 Bb7 26. Rxa8 Bxa8 27. Nd3 0-1

[Event "Karl Mala Memorial op-A 16th"]
[Site "Frankfurt"]
[Date "2013.07.12"]
[Round "2"]
[White "Moeller, Jeremy"]
[Black "Ernst, Rolf"]
[Result "1/2-1/2"]
[WhiteElo "1959"]
[BlackElo "2118"]
[PlyCount "43"]
[EventDate "2013.07.11"]
[EventType "swiss"]
[EventRounds "7"]
[EventCountry "GER"]
[SourceTitle "EXT 2014"]
[Source "ChessBase"]
[SourceDate "2013.11.20"]
[SourceVersion "1"]
[SourceVersionDate "2013.11.20"]
[SourceQuality "1"]

1. e4 c5 2. Nf3 d6 3. d4 cxd4 4. Qxd4 a6 5. Be3 Nc6 6. Qd2 Nf6 7. Nc3 b5 8. Nd4 Nxd4 9. Qxd4 e5 10. Qd3 Be6 11. Bg5 Be7 12. Bxf6 gxf6 13. 0-0-0 Qc7 14. g3 Rc8 15. Kb1 b4 16. Nd5 Bxd5 17. exd5 Qc5 18. Bh3 Rc7 19. Rd2 a5 20. Bf5 h6 21. h4 a4 22. c3 1/2-1/2

[Event "Hofheim Spring op-B 1st"]
[Site "Hofheim"]
[Date "2013.04.06"]
[Round "8"]
[White "Keller, Alexander"]
[Black "Moeller, Jeremy"]
[Result "0-1"]
[WhiteElo "1889"]
[BlackElo "1931"]
[PlyCount "58"]
[EventDate "2013.04.02"]
[EventType "swiss"]
[EventRounds "9"]
[EventCountry "GER"]
[SourceTitle "EXT 2018"]
[Source "ChessBase"]
[SourceDate "2017.10.13"]
[SourceVersion "1"]
[SourceVersionDate "2017.10.13"]
[SourceQuality "1"]

1. Nc3 c5 2. Nf3 Nc6 3. d4 cxd4 4. Nxd4 d6 5. Bg5 h6 6. Bh4 g5 7. Nxc6 bxc6 8. Bg3 Bg7 9. Na4 Rb8 10. c3 Qa5 11. Qc2 c5 12. b3 Bd7 13. Rc1 c4 14. e4 Rc8 15. Kd2 cxb3 16. axb3 Bxa4 17. bxa4 Rxc3 18. Bb5+ Kd8 19. Qxc3 Bxc3+ 20. Rxc3 e5 21. Rhc1 a6 22. Bc6 Ne7 23. Ke2 Nxc6 24. Rxc6 Kd7 25. f3 Rb8 26. Be1 Rb2+ 27. Kf1 Qxa4 28. Rc7+ Ke6 29. Bc3 Qb5+ 0-1

[Event "Hofheim Spring op-B 1st"]
[Site "Hofheim"]
[Date "2013.04.05"]
[Round "5"]
[White "Moeller, Jeremy"]
[Black "Haftmann, Rainer"]
[Result "1/2-1/2"]
[WhiteElo "1931"]
[BlackElo "1951"]
[PlyCount "27"]
[EventDate "2013.04.02"]
[EventType "swiss"]
[EventRounds "9"]
[EventCountry "GER"]
[SourceTitle "EXT 2018"]
[Source "ChessBase"]
[SourceDate "2017.10.13"]
[SourceVersion "1"]
[SourceVersionDate "2017.10.13"]
[SourceQuality "1"]

1. e4 e5 2. Nf3 Nc6 3. Bc4 Nf6 4. d4 exd4 5. 0-0 Nxe4 6. Re1 d5 7. Bxd5 Qxd5 8. Nc3 Qa5 9. Nxe4 Be6 10. Neg5 0-0-0 11. Nxe6 fxe6 12. Rxe6 Bd6 13. Bg5 Rde8 14. Qe1 1/2-1/2

[Event "Dortmund Sparkassen op-A"]
[Site "Dortmund"]
[Date "2011.07.31"]
[Round "9"]
[White "Shishkov, Mark"]
[Black "Moeller, Jeremy"]
[Result "0-1"]
[WhiteElo "1954"]
[BlackElo "1863"]
[PlyCount "60"]
[EventDate "2011.07.23"]
[EventType "swiss"]
[EventRounds "9"]
[EventCountry "GER"]
[SourceTitle "CBM 143 Extra"]
[Source "ChessBase"]
[SourceDate "2011.08.29"]
[SourceVersion "1"]
[SourceVersionDate "2011.08.29"]
[SourceQuality "1"]

1. d4 d5 2. c4 e6 3. Nf3 c6 4. e3 f5 5. Qc2 Nf6 6. Nbd2 Bd6 7. Be2 0-0 8. b3 Ne4 9. Bb2 Nd7 10. 0-0 Qf6 11. Ne1 g5 12. g3 Qh6 13. Nxe4 dxe4 14. f3 exf3 15. Rxf3 Nf6 16. Rf2 Ne4 17. Rg2 g4 18. Qd3 Qg5 19. d5 cxd5 20. cxd5 e5 21. Nc2 Bd7 22. Re1 b5 23. Qd1 Rac8 24. Bd3 Nc3 25. Bxc3 Rxc3 26. e4 Bc5+ 27. Kh1 fxe4 28. Rxe4 h5 29. Qe1 Rxd3 30. Rxe5 Qxe5 0-1

[Event "Dortmund Sparkassen op-A"]
[Site "Dortmund"]
[Date "2011.07.28"]
[Round "6"]
[White "Moeller, Jeremy"]
[Black "Oberste, Norbert"]
[Result "1/2-1/2"]
[WhiteElo "1863"]
[BlackElo "1865"]
[PlyCount "78"]
[EventDate "2011.07.23"]
[EventType "swiss"]
[EventRounds "9"]
[EventCountry "GER"]
[SourceTitle "CBM 143 Extra"]
[Source "ChessBase"]
[SourceDate "2011.08.29"]
[SourceVersion "1"]
[SourceVersionDate "2011.08.29"]
[SourceQuality "1"]

1. e4 e6 2. d4 d5 3. e5 c5 4. c3 Nc6 5. Nf3 Bd7 6. Be2 cxd4 7. cxd4 Qb6 8. 0-0 Nge7 9. Na3 Nf5 10. Nc2 Be7 11. a3 a5 12. b3 Nh4 13. Nxh4 Bxh4 14. Rb1 Be7 15. Be3 Qc7 16. Qd2 f6 17. f4 f5 18. Rfc1 Qb8 19. Qd3 Na7 20. b4 Bb5 21. Qd2 a4 22. Bxb5+ Nxb5 23. Qd3 Na7 24. b5 Kf7 25. Nb4 Qd8 26. Bd2 Qd7 27. b6 Bxb4 28. Bxb4 Nc6 29. Bc5 Na5 30. Qh3 Nc6 31. Qh5+ g6 32. Qg5 Qd8 33. Qh6 Rc8 34. h3 Qg8 35. g4 Qg7 36. Qxg7+ Kxg7 37. gxf5 gxf5 38. Kf2 Kf7 39. Rg1 Rhg8 1/2-1/2

[Event "Dortmund Sparkassen op-A"]
[Site "Dortmund"]
[Date "2011.07.24"]
[Round "2"]
[White "Schiefelbusch, Dirk"]
[Black "Moeller, Jeremy"]
[Result "1-0"]
[WhiteElo "2128"]
[BlackElo "1863"]
[PlyCount "113"]
[EventDate "2011.07.23"]
[EventType "swiss"]
[EventRounds "9"]
[EventCountry "GER"]
[SourceTitle "CBM 143 Extra"]
[Source "ChessBase"]
[SourceDate "2011.08.29"]
[SourceVersion "1"]
[SourceVersionDate "2011.08.29"]
[SourceQuality "1"]

1. Nf3 d5 2. d4 e6 3. Bg5 Nf6 4. e3 Be7 5. c4 c6 6. Nc3 Nbd7 7. cxd5 exd5 8. Bd3 0-0 9. Qc2 h6 10. Bh4 Re8 11. 0-0 Ne4 12. Bxe7 Qxe7 13. Rab1 Ndf6 14. b4 Bf5 15. Rfc1 Rac8 16. Ne5 Rc7 17. Rb2 Nxc3 18. Bxf5 Nb5 19. a4 Nd6 20. Bd3 Rec8 21. Qb3 Nd7 22. Nxd7 Qxd7 23. Rbc2 a6 24. a5 Re8 25. Re2 Qc8 26. Rce1 Rce7 27. Bb1 Qe6 28. Qd3 Qe4 29. Qxe4 Nxe4 30. Rc1 Nd6 31. Bd3 Nb5 32. Bxb5 axb5 33. a6 Ra8 34. Ra2 Rxa6 35. Rxa6 bxa6 36. Rxc6 Re6 37. Rc5 Rd6 38. Kf1 Kf8 39. Ke2 Ke7 40. Kd3 f5 41. h4 g6 42. Ke2 Ke6 43. Kf3 Kf6 44. Rc7 Ke6 45. Rh7 Kf6 46. h5 Kg5 47. hxg6 Kxg6 48. Rc7 Kg5 49. g3 h5 50. Rc8 a5 51. bxa5 Ra6 52. Rc5 Rxa5 53. Rxd5 Kf6 54. Kf4 Ra2 55. Rxf5+ Ke6 56. f3 Kd6 57. Rxb5 1-0

[Event "Solingen Karneval op"]
[Site "Solingen"]
[Date "2011.03.05"]
[Round "2"]
[White "Yilmaz, Ahmet1"]
[Black "Moeller, Jeremy"]
[Result "0-1"]
[WhiteElo "1874"]
[BlackElo "1850"]
[PlyCount "78"]
[EventDate "2011.03.04"]
[EventType "swiss"]
[EventRounds "5"]
[EventCountry "GER"]
[SourceTitle "EXT 2015"]
[Source "ChessBase"]
[SourceDate "2014.11.20"]
[SourceVersion "1"]
[SourceVersionDate "2014.11.20"]
[SourceQuality "1"]

1. e4 e5 2. d4 Nc6 3. dxe5 Nxe5 4. Nf3 Nxf3+ 5. Qxf3 d6 6. Bc4 Nf6 7. Qb3 Qe7 8. 0-0 c6 9. Nc3 b5 10. Bd3 a5 11. Bg5 Bd7 12. a4 b4 13. Nd5 cxd5 14. exd5 h6 15. Bh4 g5 16. Bg3 Ng4 17. Rae1 Ne5 18. c3 Rb8 19. Re4 f5 20. Bxe5 dxe5 21. Rc4 Qd6 22. Re1 Be7 23. h4 0-0 24. hxg5 hxg5 25. Qd1 e4 26. Bc2 Rf7 27. Qh5 Rh7 28. Qd1 Qh2+ 29. Kf1 Qh1+ 30. Ke2 Qxg2 31. Qd4 Qf3+ 32. Kd2 Rh2 33. Kc1 Qxf2 34. Qxf2 Rxf2 35. d6 Bxd6 36. Rd4 Rb6 37. c4 Be6 38. Bb3 Bc5 39. Rd8+ Kf7 0-1

[Event "GER-chT U20"]
[Site "Osnabrueck"]
[Date "2010.12.27"]
[Round "1.1"]
[White "Moeller, Jeremy"]
[Black "Borgmeyer, Max"]
[Result "1/2-1/2"]
[WhiteElo "1810"]
[BlackElo "2120"]
[PlyCount "35"]
[EventDate "2010.12.27"]
[EventType "team-swiss"]
[EventRounds "7"]
[EventCountry "GER"]
[SourceTitle "CBM 140 Extra"]
[Source "ChessBase"]
[SourceDate "2011.03.01"]
[SourceVersion "1"]
[SourceVersionDate "2011.03.01"]
[SourceQuality "1"]
[WhiteTeam "Bendorf"]
[BlackTeam "Koenigsspringer"]
[WhiteTeamCountry "GER"]
[BlackTeamCountry "GER"]

1. e4 c5 2. Nf3 d6 3. d4 cxd4 4. Nxd4 Nf6 5. Nc3 a6 6. Bc4 e6 7. Be3 b5 8. Bb3 b4 9. Na4 Nxe4 10. Nb6 Qxb6 11. Nxe6 Nc5 12. Nxc5 dxc5 13. Qd5 Ra7 14. 0-0-0 Be6 15. Qe5 Nd7 16. Ba4 Be7 17. Qxg7 Rf8 18. Rhe1 1/2-1/2

[Event "Karl Mala Memorial op 13th"]
[Site "Frankfurt"]
[Date "2010.07.17"]
[Round "3"]
[White "Moeller, Jeremy"]
[Black "Kuhn, Gerhard"]
[Result "0-1"]
[WhiteElo "1823"]
[BlackElo "2083"]
[PlyCount "46"]
[EventDate "2010.07.08"]
[EventType "swiss"]
[EventRounds "7"]
[EventCountry "GER"]
[SourceTitle "EXT 2012"]
[Source "ChessBase"]
[SourceDate "2011.11.24"]
[SourceVersion "1"]
[SourceVersionDate "2011.11.24"]
[SourceQuality "1"]

1. e4 c6 2. d4 d5 3. Nc3 dxe4 4. Nxe4 Bf5 5. Ng3 Bg6 6. h4 h6 7. Nh3 e6 8. Bc4 Nf6 9. Nf4 Bh7 10. 0-0 Bd6 11. Re1 0-0 12. c3 Nbd7 13. Nxe6 fxe6 14. Rxe6 Kh8 15. Rxd6 Ne8 16. Re6 Bg8 17. Rxh6+ gxh6 18. Bxh6 Bxc4 19. Qh5 Ndf6 20. Bg7+ Kxg7 21. Nf5+ Kg8 22. Qg6+ Kh8 23. Qh6+ Nh7 0-1

[Event "Karl Mala Memorial op 13th"]
[Site "Frankfurt"]
[Date "2010.07.11"]
[Round "6"]
[White "Schellen, Sven"]
[Black "Moeller, Jeremy"]
[Result "0-1"]
[WhiteElo "1654"]
[BlackElo "1823"]
[PlyCount "68"]
[EventDate "2010.07.08"]
[EventType "swiss"]
[EventRounds "7"]
[EventCountry "GER"]
[SourceTitle "EXT 2012"]
[Source "ChessBase"]
[SourceDate "2011.11.24"]
[SourceVersion "1"]
[SourceVersionDate "2011.11.24"]
[SourceQuality "1"]

1. d4 Nf6 2. Nf3 c5 3. c3 e6 4. Bf4 cxd4 5. cxd4 Nc6 6. Nc3 Qb6 7. Rb1 Bb4 8. a3 Bxc3+ 9. bxc3 Qa5 10. Qb3 Ne4 11. Bd2 Qf5 12. e3 0-0 13. Be2 g5 14. Qb5 d5 15. Bd3 g4 16. Bxe4 Qxe4 17. Rg1 a6 18. Qb2 Kh8 19. Nh4 Na5 20. Qb4 Bd7 21. Ke2 Bb5+ 22. Kd1 Qd3 23. c4 dxc4 24. d5 e5 25. Rc1 Nb3 26. Rc2 c3 27. Qxb3 Qe2+ 28. Kc1 cxd2+ 29. Rxd2 Rac8+ 30. Rc2 Bd3 31. Rc3 Qxf2 32. Rd1 Qxe3+ 33. Rd2 Qe1+ 34. Rd1 Rxc3+ 0-1

[Event "Karl Mala Memorial op 12th"]
[Site "Frankfurt"]
[Date "2009.07.19"]
[Round "6"]
[White "Moeller, Jeremy"]
[Black "Panzer, Jan"]
[Result "0-1"]
[WhiteElo "1918"]
[BlackElo "1482"]
[PlyCount "150"]
[EventDate "2009.07.16"]
[EventType "swiss"]
[EventRounds "7"]
[EventCountry "GER"]
[SourceTitle "EXT 2010"]
[Source "ChessBase"]
[SourceDate "2010.11.25"]
[SourceVersion "1"]
[SourceVersionDate "2010.11.25"]
[SourceQuality "1"]

1. e4 g6 2. Nf3 e6 3. c3 d6 4. d4 Ne7 5. Bg5 Bg7 6. Bd3 0-0 7. Qd2 Nd7 8. Bh6 f5 9. Bxg7 Kxg7 10. h4 Nf6 11. e5 Ne4 12. Qe2 d5 13. Nbd2 h6 14. 0-0-0 a5 15. Rdg1 Bd7 16. Nh2 b5 17. Ndf1 b4 18. cxb4 axb4 19. Kb1 Nc6 20. Bxe4 dxe4 21. f3 Nxd4 22. Qd2 Bc6 23. f4 b3 24. a3 Bb5 25. g4 Bd3+ 26. Kc1 Ne2+ 27. Kd1 Nxg1 28. Rxg1 Bxf1 29. Nxf1 Qxd2+ 30. Nxd2 Rfd8 31. Ke2 Rd3 32. gxf5 exf5 33. h5 Ra6 34. Rf1 Ra7 35. Rg1 Ra6 36. Rc1 c6 37. Rg1 c5 38. Rc1 Rc6 39. Nc4 gxh5 40. Rg1+ Kf8 41. Nd6 Rcxd6 42. exd6 Rxd6 43. Rh1 Kf7 44. Rxh5 Kg6 45. Rh3 c4 46. Rc3 Rc6 47. Ke3 h5 48. Rc1 c3 49. bxc3 b2 50. Rg1+ Kf6 51. Kd2 e3+ 52. Kc2 Rb6 53. Kb1 Rb3 54. Rh1 e2 55. Re1 Rxc3 56. Rxe2 Rxa3 57. Rxb2 Rf3 58. Rb6+ Ke7 59. Rh6 Rxf4 60. Rxh5 Ke6 61. Kc2 Rd4 62. Kc3 Rd8 63. Rh1 f4 64. Rh5 Kf6 65. Kc4 Kg6 66. Re5 Rd7 67. Kc3 f3 68. Ra5 f2 69. Ra1 Kg5 70. Rf1 Rf7 71. Kd2 Kg4 72. Ke2 Kg3 73. Rh1 Kg2 74. Rf1 Rf3 75. Rd1 f1Q+ 0-1

[Event "Karl Mala Memorial op 12th"]
[Site "Frankfurt"]
[Date "2009.07.16"]
[Round "1"]
[White "Benninger, Rudolf"]
[Black "Moeller, Jeremy"]
[Result "1-0"]
[WhiteElo "2133"]
[BlackElo "1918"]
[PlyCount "73"]
[EventDate "2009.07.16"]
[EventType "swiss"]
[EventRounds "7"]
[EventCountry "GER"]
[SourceTitle "EXT 2010"]
[Source "ChessBase"]
[SourceDate "2010.11.25"]
[SourceVersion "1"]
[SourceVersionDate "2010.11.25"]
[SourceQuality "1"]

1. e4 c5 2. c3 Nf6 3. e5 Nd5 4. Bc4 Nb6 5. Bb3 c4 6. Bc2 Nc6 7. Nf3 Qc7 8. Qe2 g6 9. 0-0 Bg7 10. Re1 d6 11. exd6 Qxd6 12. Na3 Bg4 13. Nxc4 Nxc4 14. Qxc4 Bxf3 15. gxf3 0-0 16. d4 e5 17. d5 Ne7 18. Bb3 Nf5 19. Bg5 a6 20. Rad1 h6 21. Bc1 Qf6 22. f4 Nh4 23. Kh1 g5 24. Rxe5 Rae8 25. Qe2 Rxe5 26. fxe5 Qf5 27. e6 Qh3 28. f4 Re8 29. Rg1 fxe6 30. dxe6 Bf6 31. Qg4 Qf3+ 32. Qxf3 Nxf3 33. Rg3 Nh4 34. fxg5 hxg5 35. Bxg5 Bxg5 36. Rxg5+ Kf8 37. Rg4 1-0

[Event "Karl Mala Memorial op 11th"]
[Site "Frankfurt"]
[Date "2008.06.27"]
[Round "2"]
[White "Hilgert, Felix"]
[Black "Moeller, Jeremy"]
[Result "0-1"]
[WhiteElo "1210"]
[BlackElo "1809"]
[PlyCount "94"]
[EventDate "2008.06.26"]
[EventType "swiss"]
[EventRounds "7"]
[EventCountry "GER"]
[SourceTitle "CBM 125 Extra"]
[Source "ChessBase"]
[SourceDate "2008.09.01"]
[SourceVersion "1"]
[SourceVersionDate "2008.09.01"]
[SourceQuality "1"]

1. d4 c5 2. e3 e6 3. c4 Nf6 4. Nc3 Be7 5. Nf3 0-0 6. Bd2 cxd4 7. exd4 d5 8. c5 b6 9. b4 a5 10. a3 Ne4 11. Bd3 Nxd2 12. Nxd2 Bf6 13. Nf3 Nc6 14. 0-0 axb4 15. axb4 Rxa1 16. Qxa1 Nxb4 17. Rd1 bxc5 18. dxc5 Qc7 19. Qc1 Qxc5 20. Ne2 Nxd3 21. Rxd3 Qxc1+ 22. Nxc1 Ba6 23. Rd1 Rc8 24. g3 Bb2 25. Nd3 Bxd3 26. Rxd3 Rc3 27. Rd2 Rxf3 28. Rxb2 f6 29. Kg2 Rc3 30. h4 e5 31. h5 h6 32. Rb8+ Kh7 33. Kh3 e4 34. Kg4 Rf3 35. Rd8 f5+ 36. Kh3 Rd3 37. Rf8 Rf3 38. Rd8 Rxf2 39. Rxd5 e3 40. Re5 e2 41. g4 f4 42. g5 hxg5 43. Kg4 f3 44. h6 Kxh6 45. Re6+ Kh7 46. Kxg5 Rg2+ 47. Kf4 f2 0-1

[Event "Karl Mala Memorial op 11th"]
[Site "Frankfurt"]
[Date "2008.06.26"]
[Round "1"]
[White "Moeller, Jeremy"]
[Black "Feicht, Arno"]
[Result "0-1"]
[WhiteElo "1809"]
[BlackElo "2107"]
[PlyCount "98"]
[EventDate "2008.06.26"]
[EventType "swiss"]
[EventRounds "7"]
[EventCountry "GER"]
[SourceTitle "CBM 125 Extra"]
[Source "ChessBase"]
[SourceDate "2008.09.01"]
[SourceVersion "1"]
[SourceVersionDate "2008.09.01"]
[SourceQuality "1"]

1. e4 c5 2. Nc3 Nc6 3. d3 g6 4. g3 Bg7 5. Bg2 Nf6 6. f4 d6 7. Nf3 0-0 8. 0-0 Rb8 9. a4 a6 10. h3 b5 11. axb5 axb5 12. g4 b4 13. Ne2 Nd7 14. Rb1 Ba6 15. b3 e6 16. Bb2 Bxb2 17. Rxb2 d5 18. Nd2 Nb6 19. exd5 Nxd5 20. Qe1 Nc3 21. Ne4 Nxe2+ 22. Qxe2 Qd4+ 23. Qf2 Qxb2 24. Nxc5 Bb5 25. Nd7 Qd4 26. Nxf8 Qxf2+ 27. Kxf2 Kxf8 28. Ke3 Ne7 29. Ra1 Rc8 30. Ra8 Rxa8 31. Bxa8 Bc6 32. Bxc6 Nxc6 33. d4 Ke7 34. Kd3 Kd6 35. Kc4 f6 36. g5 fxg5 37. fxg5 e5 38. dxe5+ Kxe5 39. h4 Nd4 40. c3 bxc3 41. Kxc3 Nf3 42. Kc4 Nd2+ 43. Kc3 Nxb3 44. Kxb3 Kf4 45. h5 gxh5 46. Kc2 h4 47. Kd1 h3 48. Ke1 h2 49. Kf2 h1Q 0-1